Just for Starters: A Hand book of Small- scale Business Opportunities (Record no. 657)

MARC details
005 - DATE AND TIME OF LATEST TRANSACTION
control field 20250314151539.0
020 ## - INTERNATIONAL STANDARD BOOK NUMBER
International Standard Book Number 0-903031-94-9
082 ## - DEWEY DECIMAL CLASSIFICATION NUMBER
Classification number 3338.54 BOL
100 ## - MAIN ENTRY--PERSONAL NAME
Author name BOLLARD, A.
245 ## - TITLE STATEMENT
Title Just for Starters: A Hand book of Small- scale Business Opportunities
260 ## - PUBLICATION, DISTRIBUTION, ETC.
Place of publication, distribution, etc. London,
Name of publisher, distributor, etc. Intermediate Technology Publications,
Date of publication, distribution, etc. 1984.
300 ## - PHYSICAL DESCRIPTION
Extent x, 197p.: ill.; picture,table,
Dimensions 21cm.
942 ## - ADDED ENTRY ELEMENTS (KOHA)
Source of classification or shelving scheme Dewey Decimal Classification
Koha item type Books
Holdings
Date last seen Total checkouts Full call number Barcode Cost, replacement price Price effective from Koha item type Lost status Source of classification or shelving scheme Damaged status Not for loan Withdrawn status Home library Current library Shelving location Date acquired Cost, normal purchase price
03/14/2025   338.54 BOL 0000002641 30000.00 03/14/2025 Books   Dewey Decimal Classification       College of Business Education Main Library College of Business Education Main Library General Collection 03/14/2025 10000.00